| 000 | 00890nam a2200217 a 4500 | ||
|---|---|---|---|
| 001 | 55426 | ||
| 003 | BD-RjUL | ||
| 005 | 20211209080250.0 | ||
| 008 | 161117s1963 ii ||||| |||| 00| 0 ben d | ||
| 035 | _a(BD-RjUL)55549 | ||
| 040 |
_aBD-RjUL _bben _cBD-RjUL |
||
| 041 | _aben | ||
| 082 |
_223 _a891.44109 _bCHK 1963 |
||
| 100 | 1 |
_aচক্রবর্তী, মুকুন্দরাম _9127373 |
|
| 245 | 1 | 0 |
_aকবিকঙ্কণ চণ্ডী / _cমুকুন্দরাম চক্রবর্তী |
| 260 |
_aকলিকাতা : _bবসুমতী প্রাইভেট লিঃ, _c১৯৬৩ [১৩৭০] |
||
| 300 |
_a২৪৪ পৃ. ; _c২৪ সেমি. |
||
| 650 |
_aবাংলা কবিতা _9117445 _vইতিহাস ও সমালোচনা |
||
| 650 |
_aBengali poetry _9157140 _vHistory and criticism |
||
| 942 |
_2ddc _cBK |
||
| 999 |
_c55426 _d55426 |
||